Statistics for Top Players in NBA 2k19

Click here to take the quiz!

General Stats

  • This quiz has been taken 1,006 times
    (990 since last reset)
  • The average score is 20 of 24

Answer Stats

TeamRatingAnswer% Correct
Lakers98LeBron James
100%
Rockets96James Harden
99%
Warriors95Stephen Curry
99%
Bucks94Giannis Antetokounmpo
98%
Warriors97Kevin Durant
98%
Raptors94Kawhi Leonard
97%
Thunder93Russell Westbrook
97%
Pelicans94Anthony Davis
96%
Warriors89Klay Thompson
96%
Trailblazers90Damian Lillard
95%
Timberwolves91Karl-Anthony Towns
95%
76ers90Joel Embiid
94%
Nuggets89Nikola Jokic
91%
Celtics93Kyrie Irving
90%
Wizards89John Wall
86%
Thunder89Paul George
86%
Spurs89DeMar DeRozan
83%
Warriors90DeMarcus Cousins
70%
Pistons87Andre Drummond
68%
TimberWolves89Jimmy Butler
68%
Spurs88LaMarcus Aldridge
67%
Pacers88Victor Oladipo
66%
Knicks88Kristaps Porzingis
60%
Celtics89Gordon Hayward
51%

Score Distribution

Percentile by Number Answered

Percent of People with Each Score

Your Score History

You have not taken this quiz since the last reset